Kurcz, Zbigniew. Mniejszość polska na Wileńszczyźnie. - Wrocław : Wydawn. Uniwersytetu Wrocławskiego. - 2005 [Rezension]

Titel: Kurcz, Zbigniew. Mniejszość polska na Wileńszczyźnie. - Wrocław : Wydawn. Uniwersytetu Wrocławskiego. - 2005 [Rezension]
Verfasser:
In: Przegląd zachodni. [Polnische Ausgabe], Band 63, Heft 3 (2007), Seite 254-256
alle Artikel anzeigen
Veröffentlicht: 2007
Format: Aufsatz
Sprache: Polnisch
Kein Bild verfügbar
X
alg: 39513202
001A    $01999:12-11-16 
001B    $01999:04-08-21 $t21:05:52.000 
001D    $01999:12-11-16 
001U    $0utf8 
001X    $00 
002@    $0Aox 
003@    $0395132029 
007A    $0395132029 $aHEB 
007T    $0Herda26676h 
010@    $apol 
011@    $a2007 
021A    $aKurcz, Zbigniew. Mniejszość polska na Wileńszczyźnie. - Wrocław : Wydawn. Uniwersytetu Wrocławskiego. -  2005 [Rezension] 
028A    $aMielczarek-Żejmo $dAnna 
031A    $d63 $e3 $h254-256 $j2007 
039B    $aIn $8--Abvc--. Przegląd zachodni. [Polnische Ausgabe]. - Poznań : Inst. Zachodni, 1945-. - ISSN 0033-2437 $x200700000630003746 $904745606X 
039T    $8--Aau--Kurcz, Zbigniew$Z1951- [Tp1]. Mniejszość polska na Wileńszczyźnie. - Wrocław : Wydawn. Uniwersytetu Wrocławskiego, 2005. - 467 S.. - ISBN 83-229-2601-4 $9135003768 
045F    $a900.94793 $eDDC23BSB 
045F/01 $a900 
045F/03 $g4793 
045F/03 $g438 
045T    $a7,41 $a3,6 

lok: 39513202 78

exp: 39513202 78 1 #EPN
201B/01 $018-11-16 $t13:50:31.000 
201U/01 $0utf8 
203@/01 $0791430693 
208@/01 $a12-11-16 $be 
209A/01 $a/ $f000 $x00 
220C/01 $aHerkunft: PBB/IH PAN 
244Z/01 $2Trx $#Poola $#Lenkija $#Polija $#Polen Land $#Poland $#Lengyelország $#Poľsko $#Polsko $8--Trx--Polska$gkraj $x01 $9391345966 
244Z/01 $2Trx $#Litauen $#Lithuania $#Litwa $#Litva $#Litva $8--Trx--Lietuva $x02 $9391193457 
244Z/01 $2Trx $#arvustused $#recenzijos $#Reviews $#recenziók $#recenzje $#recenzie $#recenze $8--Trx--Rezensionen $x03 $9391357441 
247C/01 $82080>Marburg/Lahn, Herder-Institut, Forschungsbibliothek, Bibliographieportal $9336309341
LEADER 00000caa a22000002c 4500
001 395132029
003 DE-603
005 20210804210552.0
007 tu
008 161112s2007 xx |||| | u00||u|pol c
035 |a (DE-599)HEB395132029 
040 |a DE-603  |b ger  |c DE-603  |d DE-603 
041 |a pol 
082 0 4 |8 1\u  |a 900.94793  |q DE-101  |2 23/BSB 
084 |a 7,41  |a 3,6  |2 ssgn 
085 |8 1\u  |b 900 
085 |8 1\u  |z 2  |s 4793 
085 |8 1\u  |z 2  |s 438 
100 1 |a Mielczarek-Żejmo, Anna 
245 0 0 |a Kurcz, Zbigniew. Mniejszość polska na Wileńszczyźnie. - Wrocław : Wydawn. Uniwersytetu Wrocławskiego. - 2005 [Rezension] 
264 0 |c 2007 
773 0 8 |i In  |t Przegląd zachodni. [Polnische Ausgabe]  |d Poznań : Inst. Zachodni, 1945-  |h 24 cm  |x 0033-2437  |g Band 63, Heft 3 (2007), Seite 254-256  |w (DE-603)04745606X  |w (DE-600)281538-2 
787 0 8 |i Rezension von  |a Kurcz, Zbigniew, 1951-  |t Mniejszość polska na Wileńszczyźnie  |d Wrocław : Wydawn. Uniwersytetu Wrocławskiego, 2005  |h 467 S.  |z 8322926014  |w (DE-603)135003768 
924 0 |9 2080  |a (DE-603)791430693  |b DE-2080  |c HES  |d d  |g /